Normal view
MARC view
- Prisioneras
Entry Materia
001 - NÚMERO DE CONTROL DEL REGISTRO
- campo de control: 44306
003 - IDENTIFICADOR DE NUMERO DE CONTROL
- campo de control: MX-MxUPN
005 - FECHA Y HORA DE LA ÚLTIMA TRANSACCIÓN
- campo de control: 20240207120027.0
008 - DATOS DE LONGITUD FIJA
- campo de control de longitud fija: 220427|| acn||babn | a|a d
040 ## - FUENTE DE LA CATALOGACIÓN
- Centro catalogador de origen: UPN
046 ## - FECHAS CON CODIFICACIÓN ESPECIAL
- Fecha final para contenidos agregados: 2022
150 ## - ENCABEZAMIENTO - TEMÁTICO
- Término de materia o nombre geográfico como elemento inicial: Prisioneras
- Subdivisión geográfica: Gran Bretaña
- Subdivisión de materia general: Historia
- Subdivisión cronológica: Siglo XVIII
670 ## - FUENTE EN LA QUE SE LOCALIZARON DATOS
- Cita de la fuente: LC
- Información localizada: Women prisoners - Great Britain - History - 18th century
902 ## - CATALOGADOR
- Catalogador: CAA/270422
